000 00485nam a22001697a 4500
999 _c40652
_d40652
003 OSt
005 20210122122426.0
008 191025b ||||| |||| 00| 0 eng d
020 _a9789388030786
040 _coclc
082 _a330
_bMAI/I
100 _aMaitra, S
_9535
245 _aIndian Economy For Civil Services Examination 2019 /
_cS Maitra
250 _a4th Ed.
260 _aNew Delhi:
_bCL Media,
_c2018
942 _2ddc
_cREF
_h330
_iMAI/I
_k330
_mMAI/I